000 00649nam a22002297a 4500
001 BD-DhSAU 590
003 BD-DhSAU
005 20150105015747.0
008 150105b1990 ii a||||r|||| 000 0 eng d
040 _cBD-DhSAU
082 _222
_a633.8
_bJEP
100 _aJeswani, L. M.
245 _aAdvances in pulse production technology /
_cL. M. Jeswani and B. Baldev
260 _aNew Delhi :
_bIndian council and information division
_cc1990
300 _aix, 190 p. :
_bill. ;
_c24 cm
590 _ajoy
650 _aAgronomy
650 _aPulse
650 _aPulse
_xProduction
650 _aPulse
_xproduction technology.
700 _aBaldev, B.
942 _2ddc
_cBOOK
999 _c590
_d590